=LDR 00000nam 2200000 4500 =001 INLIS000000000049568 =005 20170301112441.0 =006 =007 =008 =020 ##$$a 978-602-279-027-3 =035 ##$$0010-031700000000013 =040 ##$$a NBPDMAT =082 ##$$a 332.026 =090 ##$$a R.332.026 $bInd h =100 ##$$a Indonesia =245 ##$$a Himpunan lengkap Undang-undang Tentang Uang $c/ Indonesia =250 ##$$a Cet. 1 =260 ##$$a Yogyakarta $b Laksana $c 2013 =300 ##$$a 271 hlm. : $c 20 cm =650 ##$$a Uang - Undang-undang dan Peraturan =850 ##$$a NBPDMAT =990 ##$$a 21606197 =990 ##$$a 21606198